Former Countries by Flags #1 - Statistics

General Stats
  • This quiz has been taken 19 times
  • The average score is 10 of 16
Answer Stats
Picture Answer % Correct
Roman Empire
100%
Brazilian Empire
93%
Holy Roman Empire
93%
German Empire
86%
Ottoman Empire
86%
Byzantine Empire
79%
Qing Dynasty
79%
Russian Empire
79%
Kingdom of Yugoslavia
64%
Polish-Lithuanian Commonwealth
50%
Papal States
43%
Kingdom of Armenia
36%
Saxony
36%
Kingdom of the two Sicilies
29%
East Francia
7%
Francia
7%
No matching quizzes found
Score Distribution
Percent of People with Each Score
Percentile by Number Answered
Your Score History
You have not taken this quiz